Statistics for Flags to languages

Click here to take the quiz!

General Stats

  • This quiz has been taken 31 times
  • The average score is 15 of 18

Answer Stats

Answer% Correct
Japanese
100%
English
97%
Italian
90%
Swedish
90%
French
87%
Hebrew
87%
Portuguese
87%
German
83%
Korean
83%
Spanish
83%
Vietnamese
83%
Arabic
80%
Malay
80%
Turkish
80%
Thai
77%
Bengali
73%
Persian
73%
Russian
73%

Score Distribution

Percentile by Number Answered

Percent of People with Each Score

Your Score History

You have not taken this quiz